Ville d'Italie - Mort subite - Statistiques

Statistiques générales
  • Ce quiz a été pris 3 894 fois
  • Le résultat moyen est 10 sur 15
Answers on the Grid
Answers color-coded by a green-red scale on the quiz's grid according to % correct below.
Florence
Monaco
Palerme
Trieste
Pula
Turin
Lugano
La Valette
Bologne
Bergame
Ibiza
Grenoble
Bastia
Rome
Cagliari
Cannes
Tirana
Venise
Gênes
Porto Vecchio
Catane
Côme
Nice
Naples
Palma
Pompéi
Saragosse
Tripoli
Saint-Marin
Milan
 
Statistiques - réponses
Réponse % Correct
Florence
97%
Turin
84%
Palerme
82%
Rome
75%
Venise
75%
Bologne
74%
Naples
72%
Milan
68%
Gênes
63%
Côme
59%
Cagliari
57%
Pompéi
57%
Bergame
55%
Trieste
51%
Catane
39%
Aucun quiz correspondant
Distribution des résultats
% des personnes avec chaque résultat
Percentile par nombre de réponses
Votre historique - résultats
Vous n’avez pas pris ce quiz